Čína - nastupujúca inovačná veľmoc

Pohľad na súčasné postavenie Číny v oblasti inovácií v zrkadle najdôležitejších indexov inovácií používaných na porovnanie inovatívnosti národných ekonomík. Analýza postavenia čínskych firiem v rebríčkoch najinovatívnejších firiem sveta. Systém riadenia inovácií na národnej úrovni v Číne s akcentom...

Full description

Saved in:
Bibliographic Details
Main Author: Dudáš, Tomáš, 1976-
Format: Book Chapter
Language:Slovak
Subjects:
Tags: Add Tag
No Tags, Be the first to tag this record!

MARC

LEADER 00000nla a2200000 4500
001 0236313
005 20240502073825.5
041 0 |a slo 
044 |a SK 
245 1 0 |a Čína - nastupujúca inovačná veľmoc  |c Tomáš Dudáš 
520 |a Pohľad na súčasné postavenie Číny v oblasti inovácií v zrkadle najdôležitejších indexov inovácií používaných na porovnanie inovatívnosti národných ekonomík. Analýza postavenia čínskych firiem v rebríčkoch najinovatívnejších firiem sveta. Systém riadenia inovácií na národnej úrovni v Číne s akcentom na využívanie cezhraničných akvizícií na získavanie kľúčových znalostí a technológií zo zahraničných firiem sídliacich v hospodársky vyspelých krajinách. 
610 2 0 |a inovácia 
610 2 0 |a veda 
610 2 0 |a výskum 
610 2 0 |a firmy 
610 2 0 |a akvizícia 
610 2 0 |a výkonnosť inovačná 
610 2 0 |a Čína 
100 1 |a Dudáš, Tomáš, 1976-